[Event "Unterfranken-ch HA 48th"]
[Site "Bergrheinfeld"]
[Date "1997.??.??"]
[Round "5"]
[White "Assmann, Stefan"]
[Black "Simon, Gerold"]
[Result "0-1"]
[WhiteElo "1187"]
[BlackElo "1623"]
[PlyCount "59"]
[EventDate "1997.03.31"]
[EventType "swiss"]
[EventRounds "9"]
[EventCountry "GER"]
[SourceTitle "EXT 2015"]
[Source "ChessBase"]
[SourceDate "2014.11.20"]
[SourceVersion "1"]
[SourceVersionDate "2014.11.20"]
[SourceQuality "1"]

1. d4 Nf6 2. Nf3 g6 3. c4 Bg7 4. Bg5 h6 5. Bh4 d6 6. Nc3 0-0 7. e3 g5 8. Bg3 Nh5 9. Bxd6 exd6 10. Nd2 Nf6 11. Be2 d5 12. 0-0 c6 13. Bf3 Be6 14. Qb3 Qd7 15. h3 dxc4 16. Nxc4 Nd5 17. Rac1 b5 18. Ne5 Bxe5 19. Bxd5 cxd5 20. Nxb5 Bd6 21. Rc2 Nc6 22. Nxd6 Qxd6 23. Qb7 Rfc8 24. Rc5 Bd7 25. b4 Rab8 26. Qa6 Rb6 27. Qa3 Rxb4 28. Rfc1 Rcb8 29. Qa6 Rb1 30. Rxb1 0-1